000 005000000a22001810004500
003 LK-CoMWRAF
005 20231002143140.0
008 230817t ||||| |||| 00| 0 eng d
040 _aLK-CoMWRAF
_dLK-CoMWRAF
_eLK-CoMWRAF
041 _aeng
082 _a297.122
_bJAM
100 _aJamil, S.M.
245 _aSome aspects of the unique personality of Prophet Muhammad
260 _aPakistan (Karachi 05) :
_bThe Holy Quran Society of Pakistan,
300 _a24p
650 _aIslam
942 _cBK
999 _c1952
_d1952